00829nam a2200169 a 4500008004100000050002200041100001700063245017600080260005400256300000900310350000900319650005200328710004500380995009300425999001700518952012400535081126s1987 ||||||||||||||||| || u aGOV.ZAM(02)1987/2 aKaunda, K. D10aHis excellency the president, Dr. K. D. Kaunda addressing a press conference in Mulungushi hall on 13th May, 1987cBy Dr. K. D. Kaunda, President of the Republic of Zambia aLusaka:bUnited National Independence Partyc1987 a29p. a0.00 aPRESIDENTS--ZAMBIA--ADDRESSES, ESSAYS, LECTURES aThe Government of the Republic of Zambia D0.00FCBU-MAIN LIBRARY (Kitwe)H1I0.00M1UAVAILABLEWNov 26, 2008ZZambiana Collection c45563d45563 00102lcc4070a001b001cZambiana Collectiond2022-11-30l0oGOV.ZAM(02)1987/2p03003253r2022-11-30w2022-11-30y002